书目信息 |
| 题名: |
自动控制原理第五版全程导学及习题全解
|
|
| 作者: | 王莹莹 , 袁少强 , 韩磊 编 | |
| 分册: | ||
| 出版信息: | 北京 中国时代经济出版社 2009.09 |
|
| 页数: | 425页 | |
| 开本: | 26cm | |
| 丛书名: | ||
| 单 册: | ||
| 中图分类: | TP13 | |
| 科图分类: | ||
| 主题词: | 自动控制理论--zi dong kong zhi li lun--高等学校--教学参考资料 | |
| 电子资源: | ||
| ISBN: | 978-7-80221-939-7 | |
| 000 | 01049nam0 2200265 450 | |
| 001 | 012010715187 | |
| 005 | 20101222093958.23 | |
| 010 | @a978-7-80221-939-7@dCNY32.50 | |
| 100 | @a20101222d2009 em y0chiy0120 ea | |
| 101 | 0 | @achi |
| 102 | @aCN@b110000 | |
| 105 | @aa z 000yy | |
| 106 | @ar | |
| 200 | 1 | @a自动控制原理第五版全程导学及习题全解@Azi dong kong zhi yuan li di wu ban quan cheng dao xue ji xi ti quan jie@f王莹莹, 袁少强, 韩磊编@Fwang ying ying,yuan shao qiang,han lei bian |
| 210 | @a北京@c中国时代经济出版社@d2009.09 | |
| 215 | @a425页@c图@d26cm | |
| 300 | @a21世纪高等院校经典教材同步辅导 | |
| 330 | @a全书紧扣教材内容,对教材中的相应内容进行了系统、全面的归纳和总结,有助于读者全面掌握基本知识。重点对教材中全部习题给出了详细的解答过程。 | |
| 606 | 0 | @a自动控制理论@Azi dong kong zhi li lun@x高等学校@j教学参考资料 |
| 690 | @aTP13@v4 | |
| 701 | 0 | @a王莹莹@Awang ying ying@4编 |
| 701 | 0 | @a袁少强@Ayuan shao qiang@4编 |
| 701 | 0 | @a韩磊@Ahan lei@4编 |
| 801 | 0 | @aCN@bQSSK@c20101222 |
| 905 | @b790426-28@dTP13@eW438@f3 | |
| 自动控制原理第五版全程导学及习题全解/王莹莹, 袁少强, 韩磊编.-北京:中国时代经济出版社,2009.09 |
| 425页:图;26cm |
| 21世纪高等院校经典教材同步辅导 |
| ISBN 978-7-80221-939-7:CNY32.50 |
| 全书紧扣教材内容,对教材中的相应内容进行了系统、全面的归纳和总结,有助于读者全面掌握基本知识。重点对教材中全部习题给出了详细的解答过程。 |
| ● |
| 相关链接 |
|
|
|
正题名:自动控制原理第五版全程导学及习题全解
索取号:TP13/W438
 
预约/预借
| 序号 | 登录号 | 条形码 | 馆藏地/架位号 | 状态 | 备注 |
| 1 | 790426 | 207904268 | 自科库301/301自科库 39排3列3层/ [索取号:TP13/W438] | 在馆 | |
| 2 | 790427 | 207904277 | 自科库301/301自科库 101排5列3层/ [索取号:TP13/W438] | 在馆 |